[Event "Imola op2nd"]
[Site "Imola"]
[Date "2019.12.06"]
[Round "1"]
[White "Dudin, Gleb"]
[Black "Pavesi, Brando"]
[Result "1-0"]
[WhiteElo "2345"]
[BlackElo "2079"]
[PlyCount "59"]
[EventDate "2019.12.06"]
[EventType "swiss"]
[EventRounds "5"]
[EventCountry "ITA"]
[SourceTitle "CBM 193 Extra"]
[Source "ChessBase"]
[SourceDate "2020.01.31"]
[SourceVersion "1"]
[SourceVersionDate "2020.01.31"]
[SourceQuality "1"]

1. c4 e6 2. Nc3 d5 3. d4 Nf6 4. cxd5 exd5 5. Bg5 Nbd7 6. e3 c6 7. Qc2 Be7 8. Bd3 0-0 9. h3 Re8 10. Nf3 Nf8 11. Bf4 g6 12. Bh2 Ne6 13. 0-0-0 b5 14. g4 Bb7 15. Ne5 b4 16. Na4 Rc8 17. Kb1 c5 18. Nxc5 Nxc5 19. dxc5 Bxc5 20. Qa4 Qb6 21. g5 d4 22. gxf6 Bxh1 23. Rxh1 Qxf6 24. Qa6 Qxf2 25. Ng4 Qg2 26. Rf1 Rc6 27. Qb7 Be7 28. Be5 Rc1+ 29. Kxc1 Qxb7 30. Nh6+ 1-0

[Event "Imperia op-A 61st"]
[Site "Imperia"]
[Date "2019.09.06"]
[Round "7"]
[White "Pavesi, Brando"]
[Black "Maiorov, Nikita"]
[Result "0-1"]
[WhiteElo "1994"]
[BlackElo "2509"]
[PlyCount "80"]
[EventDate "2019.09.01"]
[EventType "swiss"]
[EventRounds "9"]
[EventCountry "ITA"]
[SourceTitle "EXT 2024"]
[Source "ChessBase"]
[SourceDate "2023.10.10"]
[SourceVersion "1"]
[SourceVersionDate "2023.10.10"]
[SourceQuality "1"]

1. d4 Nf6 2. Bf4 g6 3. Nc3 d5 4. h4 h6 5. e3 Bg7 6. Nf3 Bg4 7. Nb5 Na6 8. Be2 0-0 9. Ne5 Be6 10. g4 Ne4 11. f3 c6 12. Nc3 Nxc3 13. bxc3 Nb8 14. Rb1 Qc8 15. Kf2 c5 16. Qd2 Nd7 17. Nd3 f6 18. g5 fxg5 19. hxg5 h5 20. Bg3 Bf7 21. Kg2 Re8 22. f4 c4 23. Ne1 Be6 24. Nf3 Bf5 25. Rh2 Be4 26. Kg1 Nb6 27. Nh4 Qd7 28. Rf1 e6 29. Qd1 Qf7 30. Bxh5 gxh5 31. f5 Nd7 32. g6 Qe7 33. fxe6 Qg5 34. exd7 Qxg3+ 35. Rg2 Qxh4 36. dxe8Q+ Rxe8 37. Rf4 Qh3 38. Rxe4 Rxe4 39. Qf1 Qxe3+ 40. Kh1 Qe1 0-1